000 00553nam a2200217Ia 4500
003 OSt
005 20220928114844.0
006 a|||||r|||| 00| 0
007 ta
008 220927b |||||||| |||| 00| 0 eng d
024 _a121672
037 _cTextual
040 _aSDCL
_cSDCL
_beng
041 _2eng
_aeng
082 _aL:6n1,N76, L7
245 0 _aPROGRESS IN medical genetics.
260 _aPhiladelphia
_bW.B. Saunders
_c1979
300 _ax,290p.
_ccm.
942 _hL:6n1,N76, L7
_cTEXL
_2CC
999 _c756805
_d756805